<?xml version="1.0" encoding="UTF-8"?>
<record
    xmlns:xsi="http://www.w3.org/2001/XMLSchema-instance"
    xsi:schemaLocation="http://www.loc.gov/MARC21/slim http://www.loc.gov/standards/marcxml/schema/MARC21slim.xsd"
    xmlns="http://www.loc.gov/MARC21/slim">

  <leader>01682nam0a2200445   4500</leader>
  <controlfield tag="001">RU\NLR\bibl\1397806</controlfield>
  <controlfield tag="005">20260408152419.0</controlfield>
  <datafield tag="010" ind1=" " ind2=" ">
    <subfield code="a">978-5-397-00716-0</subfield>
  </datafield>
  <datafield tag="021" ind1=" " ind2=" ">
    <subfield code="a">RU</subfield>
    <subfield code="b">2009-43092</subfield>
    <subfield code="9">2618</subfield>
  </datafield>
  <datafield tag="035" ind1=" " ind2=" ">
    <subfield code="a">(NLR Aleph) 001389826</subfield>
  </datafield>
  <datafield tag="090" ind1=" " ind2=" ">
    <subfield code="a">1154971</subfield>
    <subfield code="c">1154971</subfield>
  </datafield>
  <datafield tag="100" ind1=" " ind2=" ">
    <subfield code="a">20090529d2009    k  y0rusy50      ca</subfield>
  </datafield>
  <datafield tag="101" ind1="0" ind2=" ">
    <subfield code="a">rus</subfield>
  </datafield>
  <datafield tag="102" ind1=" " ind2=" ">
    <subfield code="a">RU</subfield>
  </datafield>
  <datafield tag="105" ind1=" " ind2=" ">
    <subfield code="a">ac  dm  |||||</subfield>
  </datafield>
  <datafield tag="200" ind1="1" ind2=" ">
    <subfield code="a">&#x424;&#x443;&#x43B;&#x43B;&#x435;&#x440;&#x435;&#x43D;&#x44B;, &#x443;&#x433;&#x43B;&#x435;&#x440;&#x43E;&#x434;&#x43D;&#x44B;&#x435; &#x43D;&#x430;&#x43D;&#x43E;&#x442;&#x440;&#x443;&#x431;&#x43A;&#x438; &#x438; &#x43D;&#x430;&#x43D;&#x43E;&#x43A;&#x43B;&#x430;&#x441;&#x442;&#x435;&#x440;&#x44B;</subfield>
    <subfield code="e">&#x440;&#x43E;&#x434;&#x43E;&#x441;&#x43B;&#x43E;&#x432;&#x43D;&#x430;&#x44F; &#x444;&#x43E;&#x440;&#x43C; &#x438; &#x438;&#x434;&#x435;&#x439;</subfield>
    <subfield code="f">&#x415;.&#x410;. &#x41A;&#x430;&#x446;</subfield>
  </datafield>
  <datafield tag="205" ind1=" " ind2=" ">
    <subfield code="a">&#x418;&#x437;&#x434;. 2-&#x435;</subfield>
  </datafield>
  <datafield tag="210" ind1=" " ind2=" ">
    <subfield code="a">&#x41C;&#x43E;&#x441;&#x43A;&#x432;&#x430;</subfield>
    <subfield code="c">URSS</subfield>
    <subfield code="c">&#x41B;&#x418;&#x411;&#x420;&#x41E;&#x41E;&#x41C;</subfield>
    <subfield code="d">2009</subfield>
  </datafield>
  <datafield tag="215" ind1=" " ind2=" ">
    <subfield code="a">294 &#x441;.</subfield>
    <subfield code="c">&#x438;&#x43B;., &#x43F;&#x43E;&#x440;&#x442;&#x440;.</subfield>
    <subfield code="d">22</subfield>
  </datafield>
  <datafield tag="225" ind1="1" ind2=" ">
    <subfield code="a">&#x41D;&#x430;&#x443;&#x43A;&#x443; - &#x432;&#x441;&#x435;&#x43C;! &#x428;&#x435;&#x434;&#x435;&#x432;&#x440;&#x44B; &#x43D;&#x430;&#x443;&#x447;&#x43D;&#x43E;-&#x43F;&#x43E;&#x43F;&#x443;&#x43B;&#x44F;&#x440;&#x43D;&#x43E;&#x439; &#x43B;&#x438;&#x442;&#x435;&#x440;&#x430;&#x442;&#x443;&#x440;&#x44B;</subfield>
    <subfield code="i">&#x424;&#x438;&#x437;&#x438;&#x43A;&#x430;</subfield>
  </datafield>
  <datafield tag="320" ind1=" " ind2=" ">
    <subfield code="a">&#x411;&#x438;&#x431;&#x43B;&#x438;&#x43E;&#x433;&#x440;.: &#x441;. 275-280 (121 &#x43D;&#x430;&#x437;&#x432;.)</subfield>
  </datafield>
  <datafield tag="320" ind1=" " ind2=" ">
    <subfield code="a">&#x418;&#x43C;&#x435;&#x43D;. &#x443;&#x43A;&#x430;&#x437;.: &#x441;. 281-286</subfield>
  </datafield>
  <datafield tag="320" ind1=" " ind2=" ">
    <subfield code="a">&#x41F;&#x440;&#x435;&#x434;&#x43C;. &#x443;&#x43A;&#x430;&#x437;.: &#x441;. 287-294</subfield>
  </datafield>
  <datafield tag="606" ind1="1" ind2=" ">
    <subfield code="a">&#x424;&#x443;&#x43B;&#x43B;&#x435;&#x440;&#x435;&#x43D;&#x44B;</subfield>
    <subfield code="9">1499361</subfield>
    <subfield code="3">RU\NLR\auth\66649873</subfield>
  </datafield>
  <datafield tag="606" ind1="1" ind2=" ">
    <subfield code="a">&#x423;&#x433;&#x43B;&#x435;&#x440;&#x43E;&#x434;&#x43D;&#x44B;&#x435; &#x43D;&#x430;&#x43D;&#x43E;&#x442;&#x440;&#x443;&#x431;&#x43A;&#x438;</subfield>
    <subfield code="9">2475554</subfield>
    <subfield code="3">RU\NLR\auth\661469954</subfield>
  </datafield>
  <datafield tag="606" ind1=" " ind2=" ">
    <subfield code="a">&#x41A;&#x43B;&#x430;&#x441;&#x442;&#x435;&#x440;&#x44B; (&#x445;&#x438;&#x43C;.)</subfield>
    <subfield code="3">RU\NLR\auth\663761</subfield>
    <subfield code="9">894298</subfield>
  </datafield>
  <datafield tag="610" ind1="0" ind2=" ">
    <subfield code="a">&#x443;&#x433;&#x43B;&#x435;&#x440;&#x43E;&#x434;&#x43D;&#x44B;&#x435; &#x43D;&#x430;&#x43D;&#x43E;&#x442;&#x440;&#x443;&#x431;&#x43A;&#x438;</subfield>
  </datafield>
  <datafield tag="610" ind1="0" ind2=" ">
    <subfield code="a">&#x444;&#x443;&#x43B;&#x43B;&#x435;&#x440;&#x435;&#x43D;&#x44B;</subfield>
  </datafield>
  <datafield tag="610" ind1="0" ind2=" ">
    <subfield code="a">&#x43A;&#x43B;&#x430;&#x441;&#x442;&#x435;&#x440;&#x44B; &#x443;&#x433;&#x43B;&#x435;&#x440;&#x43E;&#x434;&#x430;</subfield>
  </datafield>
  <datafield tag="686" ind1=" " ind2=" ">
    <subfield code="a">&#x413;116.922&#x44F;9</subfield>
    <subfield code="2">rubbk</subfield>
  </datafield>
  <datafield tag="686" ind1=" " ind2=" ">
    <subfield code="a">&#x413;741&#x44F;9</subfield>
    <subfield code="2">rubbk</subfield>
  </datafield>
  <datafield tag="686" ind1=" " ind2=" ">
    <subfield code="a">&#x413;741</subfield>
  </datafield>
  <datafield tag="686" ind1=" " ind2=" ">
    <subfield code="a">&#x41B;252</subfield>
  </datafield>
  <datafield tag="700" ind1=" " ind2="1">
    <subfield code="a">&#x41A;&#x430;&#x446;</subfield>
    <subfield code="b">&#x415;. &#x410;.</subfield>
    <subfield code="g">&#x415;&#x432;&#x433;&#x435;&#x43D;&#x438;&#x439; &#x410;&#x434;&#x43E;&#x43B;&#x44C;&#x444;&#x43E;&#x432;&#x438;&#x447;</subfield>
    <subfield code="4">070</subfield>
  </datafield>
  <datafield tag="801" ind1=" " ind2="0">
    <subfield code="a">RU</subfield>
    <subfield code="b">&#x420;&#x41A;&#x41F;</subfield>
    <subfield code="c">20090529</subfield>
    <subfield code="g">rcr</subfield>
  </datafield>
  <datafield tag="801" ind1=" " ind2="1">
    <subfield code="a">RU</subfield>
    <subfield code="b">&#x420;&#x413;&#x411;</subfield>
    <subfield code="c">20090529</subfield>
  </datafield>
  <datafield tag="801" ind1=" " ind2="2">
    <subfield code="a">RU</subfield>
    <subfield code="b">NLR</subfield>
    <subfield code="c">20090804</subfield>
    <subfield code="g">rcr</subfield>
  </datafield>
  <datafield tag="942" ind1=" " ind2=" ">
    <subfield code="c">BOOK</subfield>
  </datafield>
  <datafield tag="980" ind1=" " ind2=" ">
    <subfield code="a">NB</subfield>
  </datafield>
  <datafield tag="995" ind1=" " ind2=" ">
    <subfield code="5">2009-08-04</subfield>
    <subfield code="a">ad</subfield>
    <subfield code="b">NLR01</subfield>
    <subfield code="c">NLR01</subfield>
    <subfield code="e">RF9</subfield>
    <subfield code="f">1-2118463</subfield>
    <subfield code="k">2009-5/6731</subfield>
    <subfield code="o">0</subfield>
    <subfield code="r">BOOK</subfield>
    <subfield code="s">200956731_</subfield>
  </datafield>
  <datafield tag="995" ind1=" " ind2=" ">
    <subfield code="5">2009-08-04</subfield>
    <subfield code="a">ad</subfield>
    <subfield code="b">NLR02</subfield>
    <subfield code="c">NLR02</subfield>
    <subfield code="e">UCHZ</subfield>
    <subfield code="f">1-360410</subfield>
    <subfield code="k">&#x423;  &#x41B;25/&#x41A;-307</subfield>
    <subfield code="o">0</subfield>
    <subfield code="r">BOOK</subfield>
    <subfield code="s">_25307</subfield>
  </datafield>
</record>
